[Event "HUN-chT 1819"]
[Site "Hungary"]
[Date "2019.04.28"]
[Round "9.1"]
[White "Gyorkos, Lajos"]
[Black "Korcz, Sandor"]
[Result "1-0"]
[WhiteElo "2307"]
[BlackElo "1955"]
[PlyCount "35"]
[EventDate "2018.11.17"]
[EventType "team-tourn"]
[EventRounds "9"]
[EventCountry "HUN"]
[SourceTitle "CBM 190 Extra"]
[Source "ChessBase"]
[SourceDate "2019.07.15"]
[SourceVersion "1"]
[SourceVersionDate "2019.07.15"]
[SourceQuality "1"]
[WhiteTeam "Paks"]
[BlackTeam "Csuti Hydro"]
[WhiteTeamCountry "HUN"]
[BlackTeamCountry "HUN"]

1. d4 e6 2. c4 d5 3. Nc3 Nf6 4. Bg5 Be7 5. Nf3 Nbd7 6. e3 0-0 7. Qc2 c6 8. 0-0-0 a5 9. Kb1 dxc4 10. Bxc4 b5 11. Bd3 h6 12. Bh4 Bb7 13. e4 Nxe4 14. Nxe4 Bxh4 15. Nd6 Rb8 16. Nxb7 Rxb7 17. Qxc6 Rb6 18. Qe4 1-0

[Event "HUN-chT2 Szechenyi 1819"]
[Site "Hungary"]
[Date "2019.01.27"]
[Round "4.8"]
[White "Szokolszky, Miklos"]
[Black "Korcz, Sandor"]
[Result "1/2-1/2"]
[WhiteElo "1886"]
[BlackElo "1962"]
[PlyCount "106"]
[EventDate "2018.10.28"]
[EventType "team-tourn"]
[EventRounds "9"]
[EventCountry "HUN"]
[SourceTitle "EXT 2021"]
[Source "ChessBase"]
[SourceDate "2020.10.23"]
[SourceVersion "1"]
[SourceVersionDate "2020.10.23"]
[SourceQuality "1"]
[WhiteTeam "Sarvar"]
[BlackTeam "Csuti Baki Agrocentrum"]
[WhiteTeamCountry "HUN"]
[BlackTeamCountry "HUN"]

1. e4 c5 2. Nf3 Nc6 3. d4 cxd4 4. Nxd4 g6 5. Be3 Bg7 6. Nc3 d6 7. Qd2 Nf6 8. 0-0-0 Ng4 9. Nb3 Nxe3 10. Qxe3 0-0 11. f4 Be6 12. Be2 Bxb3 13. cxb3 Qa5 14. Kb1 a6 15. Nd5 Rad8 16. Qb6 Qxb6 17. Nxb6 Bd4 18. Nd5 e6 19. Ne7+ Nxe7 20. Rxd4 e5 21. fxe5 dxe5 22. Rxd8 Rxd8 23. Rd1 Rxd1+ 24. Bxd1 f5 25. exf5 gxf5 26. Kc2 Nd5 27. Kd2 Kg7 28. g4 Kf6 29. h3 e4 30. gxf5 Ke5 31. Bg4 a5 32. a3 Kd4 33. Be2 Ke5 34. Bg4 b5 35. b4 axb4 36. axb4 Nxb4 37. Be2 Kxf5 38. Bxb5 Kf4 39. Be2 Nd5 40. h4 Kg3 41. h5 Kf2 42. h6 Nf4 43. Bc4 e3+ 44. Kc3 e2 45. Bxe2 Nxe2+ 46. Kc4 Ke3 47. b4 Nd4 48. b5 Ke4 49. Kc5 Ke5 50. b6 Ne6+ 51. Kc6 Kf6 52. Kd7 Nc5+ 53. Kc6 Ne6 1/2-1/2

[Event "HUN-chT2 Szechenyi 1617"]
[Site "Hungary"]
[Date "2017.04.09"]
[Round "11.4"]
[White "Varga, Gyula"]
[Black "Korcz, Sandor"]
[Result "1/2-1/2"]
[WhiteElo "1908"]
[BlackElo "1924"]
[PlyCount "75"]
[EventDate "2016.09.25"]
[EventType "team-tourn"]
[EventRounds "11"]
[EventCountry "HUN"]
[SourceTitle "EXT 2021"]
[Source "ChessBase"]
[SourceDate "2020.10.23"]
[SourceVersion "1"]
[SourceVersionDate "2020.10.23"]
[SourceQuality "1"]
[WhiteTeam "Papa"]
[BlackTeam "Csuti Baki Agrocentrum"]
[WhiteTeamCountry "HUN"]
[BlackTeamCountry "HUN"]

1. d4 e6 2. Nf3 Nf6 3. g3 c5 4. Bg2 Nc6 5. 0-0 d5 6. c4 dxc4 7. Qa4 Bd7 8. Qxc4 Rc8 9. Nc3 b5 10. Qd3 c4 11. Qd1 b4 12. Nb1 Be7 13. Nbd2 Na5 14. Ne5 Bb5 15. Ne4 h6 16. Nxf6+ Bxf6 17. Bf4 0-0 18. Rc1 Qb6 19. Qd2 Bxe5 20. Bxe5 c3 21. bxc3 Nc4 22. Qe1 Nxe5 23. dxe5 bxc3 24. Rxc3 Qd4 25. Re3 Rc2 26. Qa5 Bxe2 27. Re1 Bc4 28. a3 Rd8 29. Bf3 Qb6 30. Qxb6 axb6 31. Be4 Rb2 32. Rc3 b5 33. a4 Ra2 34. axb5 Bxb5 35. Rb1 Ba6 36. Rcb3 g6 37. Rb8 Rxb8 38. Rxb8+ 1/2-1/2

[Event "HUN-chT2 Szechenyi 1617"]
[Site "Hungary"]
[Date "2016.12.11"]
[Round "6.5"]
[White "Korcz, Sandor"]
[Black "Rozsa, Peter"]
[Result "0-1"]
[WhiteElo "1924"]
[BlackElo "2058"]
[PlyCount "44"]
[EventDate "2016.09.25"]
[EventType "team-tourn"]
[EventRounds "11"]
[EventCountry "HUN"]
[SourceTitle "EXT 2021"]
[Source "ChessBase"]
[SourceDate "2020.10.23"]
[SourceVersion "1"]
[SourceVersionDate "2020.10.23"]
[SourceQuality "1"]
[WhiteTeam "Csuti Baki Agrocentrum"]
[BlackTeam "Keszthely Spartacus"]
[WhiteTeamCountry "HUN"]
[BlackTeamCountry "HUN"]

1. e4 e6 2. d4 d5 3. exd5 exd5 4. Bd3 Nc6 5. c3 Bd6 6. Qf3 Be6 7. Nh3 Qd7 8. Ng5 Bg4 9. Qxd5 Nf6 10. Qb3 0-0-0 11. 0-0 Rde8 12. Qc2 h6 13. Ne4 Nxe4 14. Bxe4 Ne7 15. Qb3 c6 16. Qxf7 g5 17. Qc4 Be6 18. Qa4 Qc7 19. g3 Bh3 20. Re1 Nd5 21. Bd2 Qf7 22. Qc4 Rxe4 0-1

[Event "HUN-chT2 Szechenyi 1516"]
[Site "Hungary"]
[Date "2015.11.29"]
[Round "5.4"]
[White "Domotor, Jozsef"]
[Black "Korcz, Sandor"]
[Result "1/2-1/2"]
[WhiteElo "1955"]
[BlackElo "1911"]
[PlyCount "41"]
[EventDate "2015.09.13"]
[EventType "team-tourn"]
[EventRounds "11"]
[EventCountry "HUN"]
[SourceTitle "CBM 170 Extra"]
[Source "ChessBase"]
[SourceDate "2016.02.25"]
[SourceVersion "1"]
[SourceVersionDate "2016.02.25"]
[SourceQuality "1"]
[WhiteTeam "Zala Volan"]
[BlackTeam "Csuti Baki Agrocentrum"]
[WhiteTeamCountry "HUN"]
[BlackTeamCountry "HUN"]

1. d4 d5 2. Nf3 Nf6 3. c4 c6 4. e3 e6 5. Nc3 Be7 6. Qc2 0-0 7. Bd3 dxc4 8. Bxc4 b5 9. Bd3 Bb7 10. 0-0 Nbd7 11. Ng5 h6 12. Nge4 a6 13. Rd1 Qb6 14. Nxf6+ Nxf6 15. Bd2 Rac8 16. Qb3 Rfd8 17. Be2 c5 18. Na4 Qa7 19. Nxc5 Bxc5 20. dxc5 Qxc5 21. Bc3 1/2-1/2

[Event "HUN-chT2 Szechenyi 1415"]
[Site "Hungary"]
[Date "2014.11.30"]
[Round "5.4"]
[White "Domonkos, Daniel"]
[Black "Korcz, Sandor"]
[Result "1-0"]
[WhiteElo "2068"]
[BlackElo "1920"]
[PlyCount "73"]
[EventDate "2014.09.07"]
[EventType "team-tourn"]
[EventRounds "11"]
[EventCountry "HUN"]
[SourceTitle "EXT 2016"]
[Source "ChessBase"]
[SourceDate "2015.10.08"]
[SourceVersion "1"]
[SourceVersionDate "2015.10.08"]
[SourceQuality "1"]
[WhiteTeam "Veszprem"]
[BlackTeam "Csuti"]
[WhiteTeamCountry "HUN"]
[BlackTeamCountry "HUN"]

1. d4 d5 2. c4 c6 3. Nf3 Nf6 4. Nc3 e6 5. Bg5 Be7 6. Bxf6 Bxf6 7. e4 dxc4 8. Bxc4 b5 9. Bb3 Bb7 10. 0-0 0-0 11. Rc1 Na6 12. e5 Be7 13. Ne4 c5 14. Nxc5 Nxc5 15. dxc5 Rc8 16. Nd4 Bxc5 17. Nxe6 fxe6 18. Bxe6+ Kh8 19. Bxc8 Qxc8 20. b4 Qc6 21. Qg4 Bxf2+ 22. Kh1 Qg6 23. Rxf2 Rd8 24. Qxg6 hxg6 25. e6 Re8 26. Re1 Kg8 27. e7 Bd5 28. Rd2 Bc4 29. Rd8 Kf7 30. Rxe8 Kxe8 31. a3 a6 32. Kg1 Bf7 33. Kf2 Kd7 34. Kf3 Be8 35. Kf4 Kd6 36. Kg5 Kd7 37. Rd1+ 1-0

[Event "HUN-chT2 Szechenyi 1415"]
[Site "Hungary"]
[Date "2014.11.16"]
[Round "4.7"]
[White "Kiss, Laszlo"]
[Black "Korcz, Sandor"]
[Result "0-1"]
[WhiteElo "1700"]
[BlackElo "1920"]
[PlyCount "84"]
[EventDate "2014.09.07"]
[EventType "team-tourn"]
[EventRounds "11"]
[EventCountry "HUN"]
[SourceTitle "EXT 2016"]
[Source "ChessBase"]
[SourceDate "2015.10.08"]
[SourceVersion "1"]
[SourceVersionDate "2015.10.08"]
[SourceQuality "1"]
[WhiteTeam "Arboretum"]
[BlackTeam "Csuti"]
[WhiteTeamCountry "HUN"]
[BlackTeamCountry "HUN"]

1. e4 c5 2. Nf3 Nc6 3. d4 cxd4 4. Nxd4 e5 5. Nb5 d6 6. c3 a6 7. N5a3 Nf6 8. Bg5 b5 9. Nd2 Be7 10. Nc2 Be6 11. Ne3 0-0 12. Be2 Nd7 13. Bxe7 Nxe7 14. 0-0 Nc5 15. Qc2 f5 16. exf5 Nxf5 17. Bf3 Nxe3 18. fxe3 d5 19. e4 d4 20. cxd4 Qxd4+ 21. Kh1 Rac8 22. Qc3 Qxc3 23. bxc3 Na4 24. c4 bxc4 25. Kg1 Rfd8 26. Rf2 Nb2 27. Nb1 Na4 28. Rc2 c3 29. Na3 Rd4 30. Rac1 Rb8 31. Nb1 Rc4 32. Be2 Rxe4 33. Nxc3 Nxc3 34. Bxa6 Nxa2 35. Ra1 Nb4 36. Rd2 Nxa6 37. Rxa6 Rb1+ 38. Kf2 Rf1+ 39. Kxf1 Bc4+ 40. Kf2 Bxa6 41. Rd8+ Kf7 42. Rd7+ Kf8 0-1

[Event "HUN-chT2 Szechenyi 1314"]
[Site "Hungary"]
[Date "2014.04.13"]
[Round "10.8"]
[White "Nemeth, Zsolt"]
[Black "Korcz, Sandor"]
[Result "1-0"]
[WhiteElo "1979"]
[BlackElo "1857"]
[PlyCount "31"]
[EventDate "2013.09.08"]
[EventType "team-tourn"]
[EventRounds "11"]
[EventCountry "HUN"]
[SourceTitle "EXT 2016"]
[Source "ChessBase"]
[SourceDate "2015.10.08"]
[SourceVersion "1"]
[SourceVersionDate "2015.10.08"]
[SourceQuality "1"]
[WhiteTeam "Keszthely Spartacus"]
[BlackTeam "Baki Agrocentrum"]
[WhiteTeamCountry "HUN"]
[BlackTeamCountry "HUN"]

1. e4 c5 2. Nf3 Nc6 3. Bb5 Nd4 4. Nxd4 cxd4 5. c3 dxc3 6. Nxc3 e6 7. 0-0 Bb4 8. Qa4 Bxc3 9. bxc3 Ne7 10. d4 0-0 11. Ba3 Re8 12. f4 a6 13. Bd3 d6 14. Rab1 Rb8 15. Bxd6 Bd7 16. Qa3 1-0

[Event "HUN-chT2 Szechenyi 1314"]
[Site "Hungary"]
[Date "2013.09.08"]
[Round "1.10"]
[White "Korcz, Sandor"]
[Black "Domotor, Jozsef"]
[Result "0-1"]
[WhiteElo "1857"]
[BlackElo "1991"]
[PlyCount "106"]
[EventDate "2013.09.08"]
[EventType "team-tourn"]
[EventRounds "11"]
[EventCountry "HUN"]
[SourceTitle "EXT 2016"]
[Source "ChessBase"]
[SourceDate "2015.10.08"]
[SourceVersion "1"]
[SourceVersionDate "2015.10.08"]
[SourceQuality "1"]
[WhiteTeam "Baki Agrocentrum"]
[BlackTeam "Zala Volan"]
[WhiteTeamCountry "HUN"]
[BlackTeamCountry "HUN"]

1. e4 c5 2. Nf3 d6 3. d4 cxd4 4. Nxd4 Nf6 5. Nc3 g6 6. Bc4 Bg7 7. 0-0 0-0 8. h3 Nc6 9. Be3 Qa5 10. Nb3 Qd8 11. f4 Na5 12. Be2 Nd7 13. Qd2 Nf6 14. Rfd1 Be6 15. Nd4 Bc4 16. b3 Bxe2 17. Ndxe2 Nc6 18. Rac1 Rc8 19. Ng3 Qa5 20. Nd5 Qxd2 21. Rxd2 Rfd8 22. c4 h5 23. Rcd1 h4 24. Nxf6+ Bxf6 25. Ne2 Re8 26. Kf2 Kg7 27. Kf3 Rh8 28. Bd4 Nxd4+ 29. Nxd4 Rc5 30. Nc2 g5 31. Rd5 gxf4 32. Rxc5 dxc5 33. Rd5 e6 34. Rxc5 Rd8 35. e5 Bg5 36. Kg4 Kg6 37. Ne1 Rd2 38. Kf3 Kf5 39. Rc7 f6 40. exf6 e5 41. Rc5 Bxf6 42. Rd5 Rxd5 43. cxd5 e4+ 44. Ke2 Ke5 45. Nc2 Kxd5 46. Na3 a6 47. Nc2 Be7 48. Kf2 Bc5+ 49. Ke2 b5 50. Ne1 a5 51. Nc2 a4 52. Ne1 Kd4 53. Kd2 Bb4+ 0-1

[Event "HUN-chT2 Szechenyi 1213"]
[Site "Hungary"]
[Date "2013.04.21"]
[Round "11.5"]
[White "Olah, Jozsef"]
[Black "Korcz, Sandor"]
[Result "1-0"]
[WhiteElo "1984"]
[BlackElo "1795"]
[PlyCount "84"]
[EventDate "2012.09.16"]
[EventType "team-tourn"]
[EventRounds "11"]
[EventCountry "HUN"]
[SourceTitle "EXT 2014"]
[Source "ChessBase"]
[SourceDate "2013.11.20"]
[SourceVersion "1"]
[SourceVersionDate "2013.11.20"]
[SourceQuality "1"]
[WhiteTeam "Haladas III"]
[BlackTeam "Zalaegerszeg Bagi"]
[WhiteTeamCountry "HUN"]
[BlackTeamCountry "HUN"]

1. d4 d5 2. c4 c6 3. Nf3 Nf6 4. Nc3 e6 5. e3 Nbd7 6. Be2 dxc4 7. Bxc4 b5 8. Be2 Bb7 9. 0-0 Be7 10. Qc2 0-0 11. Rd1 Rc8 12. a3 a6 13. b4 Qc7 14. e4 e5 15. Nh4 exd4 16. Rxd4 c5 17. bxc5 Qxc5 18. Nf5 Bxe4 19. Nxe7+ Qxe7 20. Rxe4 Nxe4 21. Qxe4 Qf6 22. Bd3 g6 23. Bb2 Nc5 24. Qe2 Nxd3 25. Qxd3 Rcd8 26. Qc2 Qc6 27. Rc1 f6 28. Qb3+ Kg7 29. Nd1 Rfe8 30. Ne3 Qe4 31. h3 Re7 32. Qc3 Rd6 33. Ng4 Qf5 34. Re1 Rf7 35. Qc1 g5 36. Ne3 Qd7 37. Qb1 Rd2 38. Nf5+ Kf8 39. Bc3 Rd5 40. Bb4+ Kg8 41. Nh6+ Kg7 42. Nxf7 Qxf7 1-0

[Event "HUN-chT2 Szechenyi 1112"]
[Site "Hungary"]
[Date "2012.03.12"]
[Round "7.8"]
[White "Kaufmann, Attila"]
[Black "Korcz, Sandor"]
[Result "1-0"]
[WhiteElo "1912"]
[BlackElo "1771"]
[PlyCount "61"]
[EventDate "2011.09.25"]
[EventType "team-tourn"]
[EventRounds "11"]
[EventCountry "HUN"]
[SourceTitle "EXT 2013"]
[Source "ChessBase"]
[SourceDate "2012.11.22"]
[SourceVersion "1"]
[SourceVersionDate "2012.11.22"]
[SourceQuality "1"]
[WhiteTeam "Ajka Banyasz"]
[BlackTeam "Zalakaros"]
[WhiteTeamCountry "HUN"]
[BlackTeamCountry "HUN"]

1. d4 d5 2. c4 c6 3. Nf3 Nf6 4. Nc3 g6 5. e3 Bg7 6. Bd3 dxc4 7. Bxc4 Bg4 8. Qb3 b5 9. Bxf7+ Kf8 10. Ng5 Bh6 11. Bxg6 e6 12. Nf7 Qe8 13. Qa3+ Kg7 14. Nxh6 hxg6 15. Nxg4 Nxg4 16. Qd6 e5 17. h3 Nd7 18. 0-0 Ndf6 19. f3 Rd8 20. Qc7+ Rd7 21. Qxc6 Nxe3 22. Bxe3 exd4 23. Bg5 Rf8 24. Ne4 Nh7 25. h4 Rf5 26. Nd6 Qe6 27. Nxf5+ Qxf5 28. Qe4 Qc5 29. Rac1 Qb6 30. Qe5+ Kf7 31. Qf4+ 1-0

[Event "HUN-chT2 Szechenyi 1112"]
[Site "Hungary"]
[Date "2012.01.29"]
[Round "5.8"]
[White "Korcz, Sandor"]
[Black "Rot, Norbert"]
[Result "0-1"]
[WhiteElo "1771"]
[BlackElo "1856"]
[PlyCount "70"]
[EventDate "2011.09.25"]
[EventType "team-tourn"]
[EventRounds "11"]
[EventCountry "HUN"]
[SourceTitle "EXT 2013"]
[Source "ChessBase"]
[SourceDate "2012.11.22"]
[SourceVersion "1"]
[SourceVersionDate "2012.11.22"]
[SourceQuality "1"]
[WhiteTeam "Zalakaros"]
[BlackTeam "Pet"]
[WhiteTeamCountry "HUN"]
[BlackTeamCountry "HUN"]

1. e4 c5 2. Nf3 e6 3. Nc3 Nc6 4. Bb5 a6 5. Bxc6 bxc6 6. d4 Qc7 7. d5 cxd5 8. exd5 Bb7 9. 0-0 Nf6 10. Re1 Be7 11. dxe6 dxe6 12. h3 Rd8 13. Qe2 0-0 14. Be3 Rd7 15. Rad1 Rfd8 16. Rxd7 Rxd7 17. Nd2 Qc6 18. f3 Qc7 19. Bf2 h6 20. Nc4 Nd5 21. Nxd5 Rxd5 22. b3 Bf6 23. Ne3 Rd8 24. Qc4 Rd4 25. Qe2 Rd8 26. Ng4 Bc3 27. Rd1 Rxd1+ 28. Qxd1 Bd5 29. Qd3 Qa5 30. Ne3 Bd4 31. Nxd5 Qe1+ 32. Kh2 Qxf2 33. c3 Qg1+ 34. Kg3 Bf2+ 35. Kf4 Qh2+ 0-1

[Event "HUN-chT2 Szechenyi 1112"]
[Site "Hungary"]
[Date "2011.11.13"]
[Round "3.8"]
[White "Korcz, Sandor"]
[Black "Szittar, Antal"]
[Result "1/2-1/2"]
[WhiteElo "1771"]
[BlackElo "2001"]
[PlyCount "99"]
[EventDate "2011.09.25"]
[EventType "team-tourn"]
[EventRounds "11"]
[EventCountry "HUN"]
[SourceTitle "EXT 2013"]
[Source "ChessBase"]
[SourceDate "2012.11.22"]
[SourceVersion "1"]
[SourceVersionDate "2012.11.22"]
[SourceQuality "1"]
[WhiteTeam "Zalakaros"]
[BlackTeam "Keszthely"]
[WhiteTeamCountry "HUN"]
[BlackTeamCountry "HUN"]

1. e4 e6 2. d4 d5 3. e5 c5 4. c3 Qb6 5. Nf3 Bd7 6. b3 Nc6 7. Be3 cxd4 8. cxd4 Bb4+ 9. Nbd2 Nh6 10. Bd3 Nf5 11. Bxf5 exf5 12. 0-0 0-0 13. Kh1 Rac8 14. a3 Be7 15. h4 Qd8 16. g3 f6 17. b4 Be6 18. Nb3 b6 19. Re1 Bf7 20. Qd2 Bh5 21. Nh2 fxe5 22. dxe5 Nxe5 23. Bxb6 axb6 24. Rxe5 Bf6 25. Rxd5 Bxa1 26. Rxd8 Rfxd8 27. Qg5 Bf7 28. Nxa1 Rd1+ 29. Kg2 Rxa1 30. Qxf5 Rd8 31. g4 Rxa3 32. h5 h6 33. g5 hxg5 34. Qxg5 Rd5 35. Qc1 Rad3 36. h6 gxh6 37. Qxh6 Rd6 38. Qf4 Rg6+ 39. Kf1 Rd1+ 40. Ke2 Rdd6 41. Ng4 Rde6+ 42. Kf1 Be8 43. f3 Bb5+ 44. Kf2 Re2+ 45. Kg3 Re7 46. Kf2 Re2+ 47. Kg1 Re7 48. Qf5 Be8 49. Kf2 Ree6 50. Qd5 1/2-1/2

[Event "HUN-chT2 Szechenyi 0910"]
[Site "Hungary"]
[Date "2009.12.06"]
[Round "3.12"]
[White "Kiss, Balint"]
[Black "Korcz, Sandor"]
[Result "1-0"]
[WhiteElo "1659"]
[BlackElo "100"]
[PlyCount "84"]
[EventDate "2009.11.08"]
[EventType "team-tourn"]
[EventRounds "11"]
[EventCountry "HUN"]
[SourceTitle "EXT 2011"]
[Source "ChessBase"]
[SourceDate "2010.11.26"]
[SourceVersion "1"]
[SourceVersionDate "2010.11.26"]
[SourceQuality "1"]
[WhiteTeam "Arboretum"]
[BlackTeam "Kertvaros"]
[WhiteTeamCountry "HUN"]
[BlackTeamCountry "HUN"]

1. e4 c5 2. Nf3 Nc6 3. d4 cxd4 4. Nxd4 Nf6 5. Nc3 e5 6. Ndb5 d6 7. Bg5 a6 8. Na3 b5 9. Nd5 Be7 10. Bxf6 Bxf6 11. c3 0-0 12. Be2 Bg5 13. 0-0 Be6 14. Bf3 Rc8 15. Nc2 Ne7 16. Nce3 Bxe3 17. Nxe3 Rc5 18. Qd2 Qc7 19. Rfd1 Rd8 20. h3 Ng6 21. Bg4 Nf4 22. Kh2 Qe7 23. g3 Bxg4 24. Nxg4 Ne6 25. h4 h5 26. Ne3 Qf6 27. Nd5 Qf3 28. Qe3 Qxe3 29. Nxe3 g5 30. Kh3 g4+ 31. Kg2 Kf8 32. Nf5 d5 33. exd5 Rcxd5 34. Ne3 Rd2 35. b4 R2d3 36. a4 Rxd1 37. Nxd1 bxa4 38. Ne3 Rc8 39. Rxa4 Rxc3 40. Rxa6 Ng7 41. Ra8+ Ne8 42. Nd5 Rc6 1-0